Atomic world : the journal of international nuclear industry.

Bibliographic Details
New Title:Chemical & process engineering
Previous Title:Atomics and nuclear energy
Format: Journal
Language:English
Published: [London] : The Leonard Hill Technical Group, 1958-1959.
Subjects:
Online Availability: Check for online availability

MARC

Tag First Indicator Second Indicator Subfields
LEADER 00000cas a2200000 a 4500
001 in00000046954
008 811008d19581959enkmr p 0 a0eng d
005 20250227202429.2
022 |a 0365-7663  |l 0365-7663  |2 2 
029 1 |a NLGGC  |b 042190819 
035 |a (OCoLC)ocm07828863 
035 |a (OCoLC)7828863 
035 |a (OCoLC)ocm07828863 
040 |a IUL  |b eng  |c IUL  |d NYG  |d OCL  |d NUI  |d OCLCF  |d OCLCO  |d CUS  |d WAU  |d AFSAM  |d OCLCO  |d OCLCQ 
050 4 |a TK9001  |b .A86 
060 4 |a jour 
082 4 |a 600  |q OCoLC 
210 0 |a At. World 
222 0 |a Atomic World 
245 0 0 |a Atomic world :  |b the journal of international nuclear industry. 
264 1 |a [London] :  |b The Leonard Hill Technical Group,  |c 1958-1959. 
300 |a 2 volumes :  |b illustrations, diagrams ;  |c 28 cm. 
310 |a Monthly 
336 |a text  |b txt  |2 rdacontent 
337 |a unmediated  |b n  |2 rdamedia 
338 |a volume  |b nc  |2 rdacarrier 
362 0 |a Vol. 9, no. 11 (Nov. 1958)-v. 10, no. 8 (Aug. 1959). 
500 |a Title from cover. 
650 0 |a Nuclear engineering  |v Periodicals. 
650 0 |a Nuclear industry  |v Periodicals. 
650 7 |a Nuclear engineering.  |2 fast  |0 (OCoLC)fst01040032 
650 7 |a Nuclear industry.  |2 fast  |0 (OCoLC)fst01040250 
655 2 |a Periodical 
655 7 |a periodicals.  |2 aat 
655 7 |a Periodicals.  |2 fast  |0 (OCoLC)fst01411641 
655 7 |a Periodicals.  |2 lcgft 
776 0 8 |i Online version:  |t Atomic world  |w (OCoLC)728959200 
780 0 0 |t Atomics and nuclear energy  |x 0365-7469  |w (OCoLC)7828758 
785 0 4 |t Chemical & process engineering  |x 0009-2371  |w (DLC)sn 91034760  |w (OCoLC)8641443 
936 |a June 1959  |a Nov. 1958 
948 |h HELD BY TXA - 45 OTHER HOLDINGS 
994 |a Z0  |b TXA 
999 f f |s f506a839-8a01-372d-8431-c688e11374b6  |i 2437d26d-cec7-374b-8f82-f32f75e2ee28  |t 0 
952 f f |a Texas A&M University  |b Rellis Campus  |c Joint Library Facility  |d Remote Storage  |e TK9001 .A86  |h Library of Congress classification  |i unmediated -- volume  |k v.10:no.1-6  |l 1959:Jan.-June  |m A14842602642  |p ric  |s JLF  |t 0 
998 f f |a TK9001 .A86  |s v.10:no.1-6 (1959:Jan.-June)  |t 0  |l Remote Storage